Fast Food Restaurants Quiz Stats

 Plays Quiz Updated Mar 31, 2016

Score 0/50 Timer 10:00
67 Plays Today
Rank Restaurant % Correct
1McDonald's
98.8%
4Burger King
97.1%
9Pizza Hut
89.7%
3Subway
88.8%
6Taco Bell
87.5%
5Wendy's
84.4%
11KFC
83.3%
12Domino's
73.8%
20Papa John's Pizza
59%
18Arby's
54.2%
45Firehouse Subs
50.6%
44Long John Silver's
49.3%
21Popeyes Louisiana Kitchen
48.4%
13Sonic Drive-In
48%
2Starbucks
44.5%
17Dairy Queen
42.7%
8Chick-fil-A
42.1%
42In-N-Out Burger
39%
22Panda Express
38.9%
14Chipotle
37.9%
19Jack in the Box
37.7%
7Dunkin' Donuts
37.3%
38White Castle
34.1%
15Hardee's/Carl's Jr.
34%
10Panera Bread
27.9%
Rank Restaurant % Correct
16Little Caesars Pizza
26.3%
33Checkers Drive-In (Rally's)
22.8%
24Jimmy John's
21.1%
36Krispy Kreme
20%
35Qdoba
19.9%
46Baskin-Robbins
19.2%
30Church's Chicken
19.1%
26Five Guys
19.1%
48Jamba Juice
18.8%
29Steak 'n Shake
16.2%
34Wingstop
14.5%
43Moe's Southwest Grill
14.5%
23Whataburger
14.3%
37Del Taco
14.1%
49Captain D's
12%
41Boston Market
11.3%
28Bojangles'
10.9%
27Culver's
10%
25Zaxby's
9.3%
32El Pollo Loco
8.6%
31Papa Murphy's Pizza
8.7%
47Jersey Mike's Subs
8.1%
39Tim Horton's
7.8%
50Einstein Bros. Bagels
5.2%
40Jason's Deli
3.9%

You're not logged in!

Compare scores with friends on all Sporcle quizzes.
OR
Log In

You Might Also Like...

Show Comments

Extras

Top Quizzes Today


Score Distribution

Your Account Isn't Verified!

In order to create a playlist on Sporcle, you need to verify the email address you used during registration. Go to your Sporcle Settings to finish the process.

Report this User

Report this user for behavior that violates our Community Guidelines.

Details: